000 00490cam a2200193ua 4500
020 _c99.00
041 _aeng
_h
082 _a658.51
_bSHA/IN
100 _aSharma, S K .
245 _aIndustrial economics and principles of management /
_cS K Sharma.
_hTextual Documents
250 _a2 /
_b.
260 _aDelhi :
_bS K Kataria and sons ,
_c2003.
300 _a ; .
365 _a99.00
504 _a
700 1 _aSavitha, Sharma .
942 _cBK
999 _c13244
_d13244